Budú z nich aj obchodníci? Družstevníci z Čečejoviec gazdujú dobre, ale..

Bibliographic Details
Main Authors: Štovčík, Eugen (Author), Kurilko, Ján (Author)
Format: Article
Language:Slovak
Subjects:

MARC

LEADER 00000nab a2200000 a 4500
001 vtls000416139
003 SK-MaSNL
005 20260302234800.0
008 120925c1991 xo 0 slo
015 |a SNBRB19rr/mm-uuuuu 
035 |a CL0416264 
040 |a SNKBUCL  |b slo  |c SNKBUCL  |e AACR2 
041 0 |a slo 
044 |a xo  |c SK 
080 |a 631.115.6  |2 1981 
100 1 |a Štovčík, Eugen  |4 aut  |9 970563 
245 1 0 |a Budú z nich aj obchodníci?  |b Družstevníci z Čečejoviec gazdujú dobre, ale..  |c Eugen Štovčík, Ján Kurilko 
650 0 7 |a Poľnohospodárske družstvo, Čečejovce  |2 snkbucl  |9 970564 
655 7 |a články z novín a časopisov  |2 snkbucl  |9 267496 
700 1 |a Kurilko, Ján  |4 aut  |9 882512 
773 0 |t Roľnícke noviny  |g Roč. 46, č. 116 (20. 5. 1991), s. 3 
850 |a Slovenská národná knižnica v Martine  |a MTA001 
852 |a SNK  |b KIS3GCP 
958 |a RK 
992 |a RBX 
999 |c 1551935  |d 1553865